Statistics for Full Genealogy of Jesus Christ

Click here to take the quiz!

General Stats

  • This quiz has been taken 131 times
  • The average score is 19 of 102

Answer Stats

HintAnswer% Correct
Adam to AbrahamSeth
74%
Adam to AbrahamNoah
72%
Nathan to Jesus (via Joseph)Jose
64%
14 Generations from Abraham to David | 14 Generations from the Captivity of Israel in Babylon to Christ (via Mary)Jacob
62%
14 Generations from the Captivity of Israel in Babylon to Christ (via Mary) | Nathan to Jesus (via Joseph)Joseph
54%
Adam to AbrahamShem
54%
14 Generations from Abraham to DavidDavid
52%
Adam to AbrahamAbraham
51%
Adam to AbrahamEnoch
48%
14 Generations from Abraham to David | Nathan to Jesus (via Joseph)Judah
44%
Adam to AbrahamMethuselah
44%
Adam to AbrahamLamech
41%
14 Generations from Abraham to DavidJesse
39%
14 Generations from Solomon to the Captivity of Israel in Babylon (via Mary)Solomon
39%
Nathan to Jesus (via Joseph)Eli
36%
14 Generations from Abraham to DavidIssac
36%
Adam to AbrahamEnosh
34%
14 Generations from Abraham to DavidBoaz
33%
14 Generations from Abraham to DavidObed
30%
Adam to AbrahamAdam
26%
Nathan to Jesus (via Joseph)Nathan
26%
14 Generations from Abraham to DavidPerez
26%
14 Generations from Solomon to the Captivity of Israel in Babylon (via Mary)Rehoboam
26%
Adam to AbrahamJared
23%
14 Generations from Solomon to the Captivity of Israel in Babylon (via Mary)Josiah
23%
Adam to AbrahamTerah
23%
Adam to AbrahamArphaxad
20%
Adam to AbrahamCainan
20%
14 Generations from Solomon to the Captivity of Israel in Babylon (via Mary)Ahaz
18%
14 Generations from Solomon to the Captivity of Israel in Babylon (via Mary)Asa
18%
14 Generations from Solomon to the Captivity of Israel in Babylon (via Mary)Hezekiah
18%
Nathan to Jesus (via Joseph)Levi
18%
14 Generations from the Captivity of Israel in Babylon to Christ (via Mary) | Nathan to Jesus (via Joseph)Zerubbabel
18%
14 Generations from Abraham to DavidHezron
16%
14 Generations from Solomon to the Captivity of Israel in Babylon (via Mary)Jehoshaphat
16%
14 Generations from Abraham to DavidRam
16%
14 Generations from Abraham to DavidSalmon
16%
14 Generations from Solomon to the Captivity of Israel in Babylon (via Mary)Abijah
15%
14 Generations from Solomon to the Captivity of Israel in Babylon (via Mary)Jotham
15%
14 Generations from Solomon to the Captivity of Israel in Babylon (via Mary)Uzziah
15%
14 Generations from Solomon to the Captivity of Israel in Babylon (via Mary)Joram
13%
Adam to AbrahamNahor
13%
14 Generations from Abraham to DavidNahshon
13%
Adam to AbrahamReu
13%
14 Generations from Abraham to DavidAmminadab
11%
14 Generations from Solomon to the Captivity of Israel in Babylon (via Mary)Amon
11%
Adam to AbrahamMahalalel
11%
14 Generations from Solomon to the Captivity of Israel in Babylon (via Mary)Manasseh
11%
Adam to AbrahamPeleg
11%
14 Generations from the Captivity of Israel in Babylon to Christ (via Mary) | Nathan to Jesus (via Joseph)Shealtiel
11%
Adam to AbrahamEber
10%
14 Generations from Solomon to the Captivity of Israel in Babylon (via Mary)Jeconiah
10%
14 Generations from the Captivity of Israel in Babylon to Christ (via Mary)Abiud
8%
14 Generations from the Captivity of Israel in Babylon to Christ (via Mary)Matthan
8%
Adam to AbrahamShelah
8%
Nathan to Jesus (via Joseph)Er
7%
Adam to AbrahamSerug
7%
Nathan to Jesus (via Joseph)Amos
5%
14 Generations from the Captivity of Israel in Babylon to Christ (via Mary)Eleazar
5%
14 Generations from the Captivity of Israel in Babylon to Christ (via Mary) | Nathan to Jesus (via Joseph)Eliakim
5%
14 Generations from the Captivity of Israel in Babylon to Christ (via Mary)Eliud
5%
Nathan to Jesus (via Joseph)Maath
5%
14 Generations from the Captivity of Israel in Babylon to Christ (via Mary)Mary (mother of Christ)
5%
Nathan to Jesus (via Joseph)Joseph (adoptive father of Christ)
3%
Nathan to Jesus (via Joseph)Nahum
3%
14 Generations from the Captivity of Israel in Babylon to Christ (via Mary)Zadok
3%
14 Generations from the Captivity of Israel in Babylon to Christ (via Mary)Azor
2%
Nathan to Jesus (via Joseph)Jorim
2%
Nathan to Jesus (via Joseph)Matthat
2%
Nathan to Jesus (via Joseph)Melchi
2%
Nathan to Jesus (via Joseph)Melea
2%
Nathan to Jesus (via Joseph)Simeon
2%
14 Generations from the Captivity of Israel in Babylon to Christ (via Mary)Achim
0%
Nathan to Jesus (via Joseph)Addi
0%
Nathan to Jesus (via Joseph)Cosam
0%
Nathan to Jesus (via Joseph)Eliezer
0%
Nathan to Jesus (via Joseph)Elmodam
0%
Nathan to Jesus (via Joseph)Esli
0%
Nathan to Jesus (via Joseph)Janna
0%
Nathan to Jesus (via Joseph)Joannas
0%
Nathan to Jesus (via Joseph)Jonan
0%
Nathan to Jesus (via Joseph)Mattathah
0%
Nathan to Jesus (via Joseph)Mattathiah
0%
Nathan to Jesus (via Joseph)Menan
0%
Nathan to Jesus (via Joseph)Naggai
0%
Nathan to Jesus (via Joseph)Neri
0%
Nathan to Jesus (via Joseph)Rhesa
0%
Nathan to Jesus (via Joseph)Semei
0%

Score Distribution

Percentile by Number Answered

Percent of People with Each Score

Your Score History

You have not taken this quiz